000 00518nam a2200169 4500
001 131132
003 ES-MaACL
005 20230906193924.0
007 t|
008 070214s1908 fr r ||||1| fre d
100 1 _aRobespierre, Maximilien.
_997862
245 1 0 _aDiscours et rapports de Robespierre /
_cavec une introduction et des notes par Charles Vellay.
260 _aParis :
_bE. Fasquelle,
_c1908.
300 _aXX, 430 p. ;
_c19 x 12 cm.
700 1 _aVellay, Charles.
_9113852
852 _aES-MaACL
_jF-1070
999 _c131132
_d131132